000 00480nam a2200181Ia 4500
005 20250508163327.0
008 008 250505s9999 xx 000 0 eng d
037 _aTextual
040 _aFEDL
_beng
_cFEDL
041 _aeng
_2eng
084 _a418, RIC
_qFEDL
100 _aRichardson G Ed.
_9775130
245 0 _aTeaching modern languages
260 _aLondon, UK
_bCroom Helm
_c1983
300 _a240p.
942 _cTEXL
_h418, RIC
999 _c1382350
_d1382350